Francúzske a anglické dejiny účtovníctva.

Prehľad diel a autorov zaoberajúcich sa spôsobom vedenia účtovných kníh, vedenia "inventára", vzniku jednoduchého a podvojného účtovníctva od 14. do 19. storočia.

Guardado en:
Detalles Bibliográficos
Autor principal: Laučík, Zdenko
Formato: Capítulo de libro
Lenguaje:eslovaco
Materias:
Etiquetas: Agregar Etiqueta
Sin Etiquetas, Sea el primero en etiquetar este registro!

MARC

LEADER 00000naa a2200000 4500
001 r013788
005 20221213123611.3
041 0 |a slo 
044 |a SK 
245 1 0 |a Francúzske a anglické dejiny účtovníctva.  |c Zdenko Laučík 
520 |a Prehľad diel a autorov zaoberajúcich sa spôsobom vedenia účtovných kníh, vedenia "inventára", vzniku jednoduchého a podvojného účtovníctva od 14. do 19. storočia. 
610 2 0 |a účtovníctvo 
610 2 0 |a Francúzsko 
610 2 0 |a Veľká Británia 
610 2 0 |a 1300-1899 
610 2 0 |a história 
100 1 |a Laučík, Zdenko